Capitales - Statistiques

Statistiques générales
  • Ce quiz a été pris 160 fois
    59 depuis la dernière actualisation
  • Le résultat moyen est 4 sur 7
Statistiques - réponses
Question Réponse % Correct
La thailande Bangkok
100%
Copenhague vient de Le danemark
100%
La riviera est la côte méditéranée de La france
80%
Quelle est la capitale du Gabon Libreville
80%
La capitale de l'Estonie est Talinn
80%
Quelle est la capitale des etats unis? Autre
0%
La ville principale de la floride est Autre
0%
Aucun quiz correspondant
Distribution des résultats
% des personnes avec chaque résultat
Percentile par nombre de réponses
Votre historique - résultats
Vous n’avez pas pris ce quiz depuis la dernière actualisation